000 00572nam a2200193 i 4500
001 149914
003 ES-MaACL
005 20250807081307.0
007 t|
008 071025s1967 sp ||||1| spa d
100 1 _aVander, Adrianus.
_9113059
245 1 0 _aAmor, sexo y matrimonio
_b: curación de sus trastornos /
_cDr. Vender.
260 _aBarcelona :
_bVander,
_c1967.
300 _a236 p. :
_bil. ;
_c27 cm.
650 0 7 _aMatrimonio
_2embne
_914855
650 7 _aAmor
_2embne
_99754
852 _aES-MaACL
_jC-31814
_bR.62543
999 _c149914
_d149914